000
00199nam a22000857a 4500
008
170626b xxu||||| |||| 00| 0 eng d
100
_9
3684
_a
Datt. R
245
_a
Indian Economy
260
_a
New Delhi
_c
2009
999
_c
7100
_d
7100